<?xml version="1.0" encoding="UTF-8"?>
<record
    xmlns:xsi="http://www.w3.org/2001/XMLSchema-instance"
    xsi:schemaLocation="http://www.loc.gov/MARC21/slim http://www.loc.gov/standards/marcxml/schema/MARC21slim.xsd"
    xmlns="http://www.loc.gov/MARC21/slim">

  <leader>01458nam a2200253Ia 4500</leader>
  <controlfield tag="001">IA_In a consecutive way to the innate curiosity that they arose to the persons who at present take charge governing this company it is to make a diagnosis by means of technologies as the analysis factorial, the counterfoil FODA and with the fishbone do emphasis in which it is the major problem that he afflicts to the company and this way to put end by means of strategies that allow a constant improvement the company already be to shortly, medium and long-term depending on the circumstances on which every strategy is focused.</controlfield>
  <controlfield tag="002">ANALISIS SITUACIONAL Y PROCESO ESTRATEGICO DE LA E</controlfield>
  <controlfield tag="008">220117s    xx            000 0 und d</controlfield>
  <datafield tag="010" ind1=" " ind2=" ">
    <subfield code="a">184232</subfield>
  </datafield>
  <datafield tag="530" ind1=" " ind2=" ">
    <subfield code="a">Disponible en PDF</subfield>
  </datafield>
  <datafield tag="650" ind1=" " ind2=" ">
    <subfield code="a">Administrative management</subfield>
    <subfield code="9">148850</subfield>
  </datafield>
  <datafield tag="650" ind1=" " ind2=" ">
    <subfield code="a">Entrepreneurship  </subfield>
    <subfield code="9">148030</subfield>
  </datafield>
  <datafield tag="650" ind1=" " ind2=" ">
    <subfield code="a">Food industry</subfield>
    <subfield code="x">Needs assessments  </subfield>
    <subfield code="9">156589</subfield>
  </datafield>
  <datafield tag="650" ind1=" " ind2=" ">
    <subfield code="a">Gesti&#xF3;n administrativa  </subfield>
    <subfield code="9">148852</subfield>
  </datafield>
  <datafield tag="650" ind1=" " ind2=" ">
    <subfield code="a">Industria de los alimentos</subfield>
    <subfield code="x">Identificaci&#xF3;n de necesidades  </subfield>
    <subfield code="9">156590</subfield>
  </datafield>
  <datafield tag="650" ind1=" " ind2=" ">
    <subfield code="a">Iniciativa empresarial  </subfield>
    <subfield code="9">148031</subfield>
  </datafield>
  <datafield tag="650" ind1=" " ind2=" ">
    <subfield code="a">Investigaci&#xF3;n operativa  </subfield>
    <subfield code="9">156591</subfield>
  </datafield>
  <datafield tag="650" ind1=" " ind2=" ">
    <subfield code="a">Operations research  </subfield>
    <subfield code="9">154461</subfield>
  </datafield>
  <datafield tag="700" ind1=" " ind2=" ">
    <subfield code="a">Molina Gonz&#xE1;lez, Mar&#xED;a Xochitl, asesor </subfield>
    <subfield code="9">163700</subfield>
  </datafield>
  <datafield tag="700" ind1="1" ind2=" ">
    <subfield code="a">Ponce Hern&#xE1;ndez, Pedro</subfield>
    <subfield code="9">147918</subfield>
  </datafield>
  <datafield tag="700" ind1=" " ind2=" ">
    <subfield code="a">Reyna Izaguirre, Diana Am&#xE9;rica, asesor</subfield>
    <subfield code="9">163686</subfield>
  </datafield>
  <datafield tag="942" ind1=" " ind2=" ">
    <subfield code="c">TESIS G47 2011</subfield>
  </datafield>
  <datafield tag="999" ind1=" " ind2=" ">
    <subfield code="c">184232</subfield>
    <subfield code="d">184232</subfield>
  </datafield>
</record>
